Carregando...

ഇടവേളയില്‍ ഇങ്ങനെ

Detalhes bibliográficos
Principais autores: ഇ വി ശ്രീധര൯, E V Sreedharan
Formato: Printed Book
Publicado em: Thiruvananthapuram; Chintha Publishers; 2014
Edição:1st
Assuntos:
LEADER 00771nam a22001937a 4500
020 |a 938343279-9 
082 |a SRE/I Q4  |b 894.M308 
100 |a ഇ വി ശ്രീധര൯;  |9 224601 
100 |a E V Sreedharan  |9 224602 
240 |a Idavelayil ingane 
245 |a ഇടവേളയില്‍ ഇങ്ങനെ 
250 |a 1st 
260 |a Thiruvananthapuram;   |b Chintha Publishers;  |c 2014 
300 |a 176p. 
650 |a മലയാളം; മലയാളം നോവലെറ്റുകള്‍  |9 224603 
650 |a Malayalam; Malayalam Novelits  |9 224604 
942 |c BK 
999 |c 38181  |d 38181 
952 |0 0  |1 0  |4 0  |6 894_000000000000000_M3_SRE_I_Q4  |7 0  |8 NOVE T  |9 43006  |a MAL  |b MAL  |d 2015-06-19  |e 56261  |g 140.00  |l 0  |o 894.M3 SRE/I Q4  |p MAL056261  |r 2015-06-19  |t 1  |w 2015-06-19  |y BK